[Event "ch-POL 2015"]
[Site "Poznan POL"]
[Date "2015.03.24"]
[Round "1.2"]
[White "Matuszewski, Michal"]
[Black "Bartel, Mateusz"]
[Result "0-1"]
[WhiteTitle "IM"]
[BlackTitle "GM"]
[WhiteElo "2463"]
[BlackElo "2627"]
[WhiteFideId "1129775"]
[BlackFideId "1112635"]
[EventDate "2015.03.24"]

1. d4 Nf6 2. c4 e6 3. Nc3 Bb4 4. e3 O-O 5. Ne2 Re8 6. a3 Bf8 7. e4 d5 8. e5 Nfd7
9. c5 a5 10. Be3 f6 11. exf6 Nxf6 12. Nf4 e5 13. dxe5 Rxe5 14. Bc4 c6 15. Be2
Rxe3 16. fxe3 Bxc5 17. e4 Be3 18. Rf1 Qd6 19. g3 d4 20. Nh5 Nxh5 21. Bc4+ Be6
22. Qg4 Na6 23. Qxe6+ Qxe6 24. Bxe6+ Kh8 25. Ke2 Nc5 26. Bc4 Nf6 27. e5 Ng4 28.
e6 Bg5 29. h4 Bf6 30. b4 b5 31. Rxf6 gxf6 32. bxc5 bxc4 33. Rd1 d3+ 34. Kf3 h5
35. Kf4 Kg7 36. Ne4 Re8 37. Nd6 Rxe6 38. Nxc4 Nf2 39. Rd2 Re4+ 40. Kf3 Rxc4 41.
Kxf2 Rc2 42. Ke3 Rxd2 43. Kxd2 Kg6 44. Kxd3 Kf5 45. a4 Kg4 46. Ke4 Kxg3 47. Kf5
Kxh4 48. Ke6 Kg5 49. Kd6 h4 50. Kxc6 h3 51. Kd7 h2 0-1

[Event "ch-POL 2015"]
[Site "Poznan POL"]
[Date "2015.03.31"]
[Round "8.6"]
[White "Kolosowski, Mateusz"]
[Black "Olszewski, Michal"]
[Result "0-1"]
[WhiteTitle "IM"]
[BlackTitle "GM"]
[WhiteElo "2443"]
[BlackElo "2567"]
[WhiteFideId "1129708"]
[BlackFideId "1121251"]
[EventDate "2015.03.24"]

1. d4 Nf6 2. c4 e6 3. Nc3 Bb4 4. e3 O-O 5. Ne2 d5 6. a3 Bd6 7. Ng3 Re8 8. cxd5
exd5 9. Bd3 Nbd7 10. O-O Nf8 11. Bd2 Ng6 12. f3 a6 13. b4 c6 14. Qc2 a5 15. Rab1
axb4 16. axb4 Be6 17. Na4 Qc7 18. f4 Ne7 19. Rfc1 h5 20. h3 h4 21. Nf1 Bf5 22.
Bxf5 Nxf5 23. Qxf5 Rxa4 24. Be1 Ne4 25. b5 Ra2 26. bxc6 bxc6 27. Qh5 Qa7 28.
Bxh4 Qa3 29. Be1 Nf6 30. Qf3 c5 31. Rc3 Qa7 32. dxc5 Bxc5 33. Rbc1 Ne4 34. Rd3
d4 35. exd4 Bxd4+ 36. Kh1 Bf2 37. Kh2 Bg1+ 38. Kh1 Rf2 39. Qxe4 Rxe4 0-1

[Event "ch-POL 2015"]
[Site "Poznan POL"]
[Date "2015.03.31"]
[Round "8.8"]
[White "Weichhold, Pawel"]
[Black "Grabarczyk, Miroslaw"]
[Result "1/2-1/2"]
[WhiteTitle "IM"]
[BlackTitle "GM"]
[WhiteElo "2404"]
[BlackElo "2433"]
[WhiteFideId "1139703"]
[BlackFideId "1101684"]
[EventDate "2015.03.24"]

1. e4 e5 2. Nf3 Nf6 3. Nxe5 d6 4. Nf3 Nxe4 5. Nc3 Nf6 6. d4 Be7 7. Bg5 O-O 8.
Qd2 Bg4 9. O-O-O Bxf3 10. gxf3 Nd5 11. Bxe7 Nxe7 12. h4 d5 13. Bd3 Nbc6 14. Ne2
Qd6 15. c3 Qf6 16. Rdg1 Nd8 17. Nf4 Ne6 18. Nh5 Qxf3 19. Be2 Qf5 20. Bg4 Qg6 21.
Bd1 Qf5 22. f4 Kh8 23. Rf1 Nd8 24. Rhg1 Rg8 25. Rg5 Qd7 26. Bc2 f5 27. Rg2 Qd6
28. Ng3 Qf6 29. Re2 Qxh4 30. Nxf5 Nxf5 31. Bxf5 g6 32. Bd3 Nf7 33. f5 gxf5 34.
Rxf5 Nd6 35. Rh2 Nxf5 36. Rxh4 Nxh4 37. Qf4 Ng6 38. Qxc7 Rg7 39. Qd6 Rf8 40. Kc2
Ne7 41. Kb3 Rf3 42. Bb5 h5 43. Be2 Rf5 44. Qd7 h4 45. Qd8+ Kh7 46. Bd3 Kg6 47.
Qd6+ Kg5 48. Qh2 Rf4 49. a4 Rgf7 50. Be2 R7f6 51. a5 Re6 52. Qg1+ Kh6 53. Bd3
Ref6 54. Qg2 Rf3 55. Qd2+ R6f4 56. Be2 Rf2 57. Qe3 Ng6 58. Bg4 Kg5 59. Bc8 b6
60. a6 Rf3 61. Qe8 Rf8 62. Qe2 R8f4 63. Qe8 Rf8 64. Qe2 R8f4 65. Qe8 Rf8 1/2-1/2

[Event "ch-POL 2015"]
[Site "Poznan POL"]
[Date "2015.04.01"]
[Round "9.10"]
[White "Przybylski, Wojciech"]
[Black "Weichhold, Pawel"]
[Result "1-0"]
[WhiteTitle "FM"]
[BlackTitle "IM"]
[WhiteElo "2378"]
[BlackElo "2404"]
[WhiteFideId "1117599"]
[BlackFideId "1139703"]
[EventDate "2015.03.24"]

1. e4 c5 2. Nf3 Nc6 3. Bb5 g6 4. O-O Bg7 5. c3 Nf6 6. Qe2 O-O 7. Rd1 Qc7 8. d4
cxd4 9. cxd4 d5 10. e5 Ne4 11. Nbd2 Rd8 12. Nb3 f6 13. Be3 Bd7 14. Rac1 a6 15.
Bd3 Qb6 16. exf6 Nxf6 17. Nc5 Nb4 18. Bb1 Rf8 19. Ne5 Bc8 20. h3 Nc6 21. f4 Qd8
22. g4 Ne8 23. Qg2 e6 24. Nxb7 Bxb7 25. Nxc6 Bxc6 26. Rxc6 Nd6 27. b3 Qd7 28.
Rc5 Rf7 29. Bd3 Rxf4 30. Rxd5 Rff8 31. Rc5 Kh8 32. Qc6 Qe7 33. Qc7 Qh4 34. Kg2
Rad8 35. Rf1 Rxf1 36. Bxf1 Ne4 37. Rc2 e5 38. Bf2 Nxf2 39. Rxf2 exd4 40. Rf7 Bf6
41. Bxa6 d3 42. Bxd3 Kg8 43. Qc4 Kh8 44. Qe6 Ba1 45. Qe3 Ra8 46. a4 Kg8 47. Qe6
Kh8 48. Qe3 Kg8 49. Bc4 Kh8 50. Qe7 Qxe7 51. Rxe7 h5 52. Kf3 Bc3 53. Ke4 Rd8 54.
Bd5 h4 55. Rb7 g5 56. b4 Rf8 57. Kd3 Be5 58. a5 Rf1 59. a6 Rd1+ 60. Ke4 Re1+ 61.
Kf5 Bd4 1-0